000 00556cab a2200181 4500
001 WB2546-14
008 090401t1989 xxu||||| |||| 00| 0 eng d
035 _a(Sirsi) u4177
041 _aeng
245 4 _aThe DoE and the Autumn Statement
260 _c1989
350 _a0
490 _aDoE News Release
_v604 15 November 1989 18 pages
520 _aThe SoS for the Environment sees the Autumn Statement as a positive contribution to housing , inner cities and the environment .
690 _aECONOMIC AND SOCIAL
942 _n0
948 _c04/03/1997
999 _c2499
_d2499